|
|
|
|
| LEADER |
01177nam a2200253 i 4500 |
| 003 |
GR-PaULI |
| 005 |
20211115114221.0 |
| 008 |
211115t2016 -uk f b 001 1 0 eng d |
| 952 |
|
|
|0 0
|1 0
|2 ddc
|4 0
|6 NIET_190_090000000000000_34_OXF
|7 0
|9 352445
|a PHIL
|b PHIL
|d 2021-11-15
|i 12774
|l 0
|o NIET 190.090 34 OXF
|p 025000242387
|r 2022-02-14 00:00:00
|t 1
|w 2021-11-15
|y BK15
|
| 999 |
|
|
|c 206824
|d 206824
|
| 020 |
|
|
|a 9780198776734
|
| 040 |
|
|
|a GR-PaULI
|b gre
|c GR-PaULI
|e AACR2
|
| 041 |
0 |
|
|a eng
|
| 082 |
0 |
4 |
|a 190.090 34
|2 23
|
| 245 |
0 |
4 |
|a The Oxford handbook of Nietzsche /
|c edited by Ken Gemes and John Richardson.
|
| 260 |
|
|
|a Oxford :
|b Oxford University Press,
|c 2016.
|
| 300 |
|
|
|a xv, 792 σ. ;
|c 25 εκ.
|
| 504 |
|
|
|6 Περιλαμβάνει βιβλιογραφικές παραπομπές και ευρετήριο.
|
| 600 |
1 |
4 |
|9 81917
|a Nietzsche, Friedrich Wilhelm,
|d 1844-1900
|x Ερμηνεία και κριτική
|
| 650 |
|
4 |
|9 3527
|a Φιλοσοφία, Γερμανική
|y 19ος αιώνας.
|
| 700 |
1 |
|
|9 188530
|a Gemes, Ken.
|e επιμελητής
|
| 700 |
1 |
|
|9 188531
|a Richardson, John,
|d 1951-
|e επιμελητής
|
| 942 |
|
|
|2 ddc
|c BK15
|
| 998 |
|
|
|c ΚΑΝΕΛΛΟΠΟΥΛΟΥ
|d 2021-11
|